书目信息 |
| 题名: |
大爱无边
|
|
| 作者: | 舒乙 著 | |
| 分册: | ||
| 出版信息: | 桂林 漓江出版社 2004.09 |
|
| 页数: | 522页, [1] 叶图版 | |
| 开本: | 21cm | |
| 丛书名: | ||
| 单 册: | ||
| 中图分类: | I267 | |
| 科图分类: | ||
| 主题词: | 散文--中国--当代--作品集 | |
| 电子资源: | ||
| ISBN: | 7-5407-3207-5 | |
| 000 | 00771nam0 2200229 450 | |
| 001 | 192004001447 | |
| 005 | 20070906125253.32 | |
| 010 | @a7-5407-3207-5@dCNY32.00 | |
| 100 | @a20070531d2004 ekmy0chiy0121 ea | |
| 101 | 0 | @achi |
| 102 | @aCN@b450000 | |
| 105 | @aacf z 000cy | |
| 200 | 1 | @a大爱无边@Ada ai wu bian@f舒乙著 |
| 210 | @a桂林@c漓江出版社@d2004.09 | |
| 215 | @a522页, [1] 叶图版@c彩图, 肖像@d21cm | |
| 314 | @a舒乙,1935年生于青岛。曾任中国现代文学馆馆长,全国政协委员,博士生导师。 | |
| 330 | @a本书是一本散文作品集,全书共分为五个单元:写人,写地,写馆,写情,写书。书中有舒乙的画做插图,还有大批照片,图文并茂。 | |
| 606 | 0 | @a散文@y中国@z当代@j作品集 |
| 690 | @aI267@v4 | |
| 701 | 0 | @a舒乙@Ashu yi@4著 |
| 801 | 0 | @aCN@c20070906 |
| 905 | @dI267@eS644 | |
| 大爱无边/舒乙著.-桂林:漓江出版社,2004.09 |
| 522页, [1] 叶图版:彩图, 肖像;21cm |
| ISBN 7-5407-3207-5:CNY32.00 |
| 本书是一本散文作品集,全书共分为五个单元:写人,写地,写馆,写情,写书。书中有舒乙的画做插图,还有大批照片,图文并茂。 |
| ● |
| 相关链接 |
|
|
|
正题名:大爱无边
索取号:I267/S644
 
预约/预借
| 序号 | 登录号 | 条形码 | 馆藏地/架位号 | 状态 | 备注 |
| 1 | 625053 | 206250536 | 文学库116/116文学库 6排4列2层/ [索取号:I267/S644] | 在馆 | |
| 2 | 625054 | 206250545 | 文学库116/116文学库 6排4列2层/ [索取号:I267/S644] | 在馆 |